| 000 | 00925nam a2200277 a 4500 | ||
|---|---|---|---|
| 001 | 41894 | ||
| 003 | BD-RjUL | ||
| 005 | 20211209053451.0 | ||
| 008 | 160607s1968 enka b 000 0 eng | ||
| 020 | _a0521073162 | ||
| 035 | _a(BD-RjUL)42012 | ||
| 040 |
_aDLC _cDLC _dBD-RjUL _beng |
||
| 041 | _aeng | ||
| 082 | 0 | 0 |
_a327 _219 _bBUS 1968 |
| 100 | 1 |
_aBurton, John W. _q(John Wear), _d1915- _9128733 |
|
| 245 | 1 | 0 |
_aSystems, states, diplomacy and rules / _c[by] J. W. Burton. |
| 260 |
_aLondon : _bCambridge U.P., _c1968. |
||
| 300 |
_axii, 251 p.: _billus; _c22 cm. |
||
| 350 | _a40/- | ||
| 504 | _aBibliography: p. 245-247. | ||
| 650 | 0 |
_aInternational relations. _9128734 |
|
| 856 | 4 | 2 |
_3Publisher description _uhttp://www.loc.gov/catdir/enhancements/fy1005/68029653-d.html |
| 856 | 4 | 1 |
_3Table of contents only _uhttp://www.loc.gov/catdir/enhancements/fy1005/68029653-t.html |
| 942 |
_2ddc _cBK |
||
| 999 |
_c41894 _d41894 |
||